000 00430nam a2200181Ia 4500
001 4382
005 20260306145752.0
008 260306t2006||||xx |||||||||||||| ||spa||
041 _aESP
082 _a320.985
_bV66
100 _aVillarán, Fernando
_eAUT
245 0 _aReforma y modernización del Estado
260 _c2006
300 _a47 páginas :
_c30 cm.
650 _aGEN
654 _aCDE
942 _cLIB
_dJUS
_fJUS
_2ddc
_n
999 _c4382
_d4382